ბათუმის შოთა რუსთაველის სახელმწიფო უნივერსიტეტის ბიბლიოთეკა

Агрохимия №7 Июль. 2017 (ბიბ.ჩანაწერი № 54557)

000 -LEADER
fixed length control field 00579nam a2200217Ia 4500
001 - CONTROL NUMBER
control field 21622
003 - CONTROL NUMBER IDENTIFIER
control field GE_BSU
008 - FIXED-LENGTH DATA ELEMENTS--GENERAL INFORMATION
fixed length control field 181216s||||||||xx |||||||||||||| ||und||
040 ## - CATALOGING SOURCE
Transcribing agency GE_BSU
080 ## - UNIVERSAL DECIMAL CLASSIFICATION NUMBER
Universal Decimal Classification number www.naukaran.com
245 ## - TITLE STATEMENT
Title Агрохимия №7 Июль. 2017
245 ## - TITLE STATEMENT
Statement of responsibility, etc. Гл. ред. В.Н. Кудеяров
260 ## - PUBLICATION, DISTRIBUTION, ETC.
Place of publication, distribution, etc. Москва
260 ## - PUBLICATION, DISTRIBUTION, ETC.
Name of publisher, distributor, etc. Наука
260 ## - PUBLICATION, DISTRIBUTION, ETC.
Date of publication, distribution, etc. 2017
300 ## - PHYSICAL DESCRIPTION
Extent 100 стр. 29см.
653 ## - INDEX TERM--UNCONTROLLED
Uncontrolled term Агрохимия №7 Июль. 2017
653 ## - INDEX TERM--UNCONTROLLED
Uncontrolled term Периодика
653 ## - INDEX TERM--UNCONTROLLED
Uncontrolled term პერიოდიკა
942 ## - ADDED ENTRY ELEMENTS (KOHA)
Koha item type პერიოდიკა
ეგზემპლარები
Withdrawn status Lost status Damaged status Not for loan Date acquired Barcode Date last seen Price effective from Koha item type
        2018-12-17 p78938 2018-12-17 2018-12-17 პერიოდიკა